Philosophiae scholasticae summa
Gardado en:
| Main Authors: | , |
|---|---|
| Formato: | Libro |
| Idioma: | latín |
| Publicado: |
Madrid
BAC
1957
|
| Edición: | 1a. ed |
| Subjects: | |
| Tags: |
Engadir etiqueta
Sen Etiquetas, Sexa o primeiro en etiquetar este rexistro!
|
MARC
| LEADER | 00000cam a2200000 a 4500 | ||
|---|---|---|---|
| 001 | UCD2959 | ||
| 003 | CL-VaPUC | ||
| 008 | 160520e19570000sp |||||||||||||||||lat|d | ||
| 082 | 0 | 4 | |a 189.4 |b SAL |2 21 |
| 100 | 0 | |a Salcedo, Leovigildo P |e author |9 586356 | |
| 700 | 0 | |a Iturrioz, Iesu P |e author |9 586357 | |
| 245 | 1 | 0 | |a Philosophiae scholasticae summa |
| 250 | |a 1a. ed | ||
| 300 | |a v | ||
| 942 | |c BK | ||
| 945 | |d 20160520 11:34:00 |a dcastane | ||
| 260 | |a Madrid |b BAC |c 1957 | ||
| 500 | |a v.1: introductio in philosophiam. Logica. Critica. Metaphysica generalis | ||
| 650 | 0 | |a Escolasticismo |9 264998 | |
| 650 | 0 | |a Filosofía medieval |9 256245 | |
| 650 | 0 | |a Lógica |9 256849 | |
| 583 | |a last modification |c 20160520 11:34:00 |k Rodrigo Vera | ||
| 999 | |c 364068 |d 364066 | ||
| 952 | |0 0 |1 0 |3 erd |4 0 |6 189_400000000000000_SAL_1957 |7 0 |8 A |9 476980 |a FDOHBE |b FDOHBE |e Huesbe Llanos, Marco Antonio, 1934- |h v.1 |i 5304180 |o 189.4 SAL 1957 |p 5304180 |r 2024-01-30 |w 2019-11-24 |y BK |z Catalogado en:20160520 |k HBE | ||